|
|
|
|
| LEADER |
02095nam a2200349 a 4500 |
| 001 |
9112 |
| 003 |
BD-DhAAL |
| 008 |
090823r20052001 at a b 001 0 eng d |
| 999 |
|
|
|c 7570
|d 7570
|
| 010 |
|
|
|a 00046819
|
| 020 |
|
|
|a 9812431063
|
| 020 |
|
|
|a 0534382169 (alk. paper)
|
| 040 |
|
|
|a DLC
|c DLC
|d DLC
|d BD-DhAAL
|
| 082 |
0 |
0 |
|a 519.4
|2 21
|
| 100 |
1 |
|
|a Burden, Richard L.
|9 40346
|
| 245 |
1 |
0 |
|a Numerical analysis /
|c Richard L. Burden, J. Douglas Faires.
|
| 250 |
|
|
|a Seventh edition
|
| 260 |
|
|
|a Australia ;
|a Pacific Grove, CA :
|b Brooks/Cole,
|c c2001 [Reprinted 2005]
|
| 300 |
|
|
|a xiii, 841 pages :
|b illustrations ;
|c 24 cm.
|
| 504 |
|
|
|a Includes bibliographical references (p. [743]-752) and index.
|
| 541 |
1 |
|
|e 00009112
|
| 650 |
|
0 |
|a Numerical analysis.
|9 40347
|
| 700 |
1 |
|
|a Faires, J. Douglas.
|9 40348
|
| 852 |
4 |
|
|a Ayesha Abed Library
|j General Stacks
|
| 942 |
0 |
0 |
|0 1
|2 ddc
|c BK
|
| 952 |
|
|
|0 0
|1 0
|2 ddc
|4 1
|6 519_400000000000000_BUR
|7 0
|9 8214
|a BRACUL
|b BRACUL
|c SPS
|d 2010-02-16
|l 6
|m 71
|o 519.4 BUR
|p 3010009112
|r 2017-10-25
|s 2017-09-23
|t 1
|w 2010-02-16
|y BK
|
| 952 |
|
|
|0 0
|1 0
|2 ddc
|4 0
|6 519_400000000000000_BUR_2005
|7 0
|9 8215
|a BRACUL
|b BRACUL
|c GEN
|d 2010-02-16
|l 14
|m 119
|o 519.4 BUR
|p 3010016275
|q 2023-09-07
|r 2022-05-31
|s 2022-05-31
|t 6
|w 2010-02-16
|y BK
|
| 952 |
|
|
|0 0
|1 0
|2 ddc
|4 0
|6 519_400000000000000_BUR_2005
|7 0
|9 8825
|a BRACUL
|b BRACUL
|c GEN
|d 2010-03-28
|l 16
|m 115
|o 519.4 BUR
|p 3010016274
|q 2026-05-19
|r 2026-02-05
|s 2026-02-05
|t 5
|w 2010-03-28
|y BK
|
| 952 |
|
|
|0 0
|1 0
|2 ddc
|4 1
|6 519_400000000000000_BUR
|7 0
|9 9720
|a BRACUL
|b BRACUL
|c SPS
|d 2010-05-04
|l 2
|m 25
|o 519.4 BUR
|p 3010009115
|r 2018-01-03
|s 2017-09-16
|t 4
|w 2010-05-04
|y BK
|
| 952 |
|
|
|0 0
|1 0
|2 ddc
|4 1
|6 519_400000000000000_BUR
|7 0
|9 9721
|a BRACUL
|b BRACUL
|c SPS
|d 2010-05-04
|l 4
|m 26
|o 519.4 BUR
|p 3010009113
|r 2017-12-21
|s 2017-09-17
|t 2
|w 2010-05-04
|y BK
|
| 952 |
|
|
|0 0
|1 0
|2 ddc
|4 1
|6 519_400000000000000_BUR
|7 0
|9 9722
|a BRACUL
|b BRACUL
|c SPS
|d 2010-05-04
|l 4
|m 32
|o 519.4 BUR
|p 3010009114
|r 2017-10-18
|s 2017-10-18
|t 3
|w 2010-05-04
|y BK
|
| 952 |
|
|
|0 0
|1 0
|2 ddc
|4 1
|6 519_400000000000000_BUR
|7 0
|9 9865
|a BRACUL
|b BRACUL
|c SPS
|d 2010-05-06
|l 1
|m 12
|o 519.4 BUR
|p 3010009116
|r 2015-08-13
|s 2015-05-12
|t 7
|w 2010-05-06
|y BK
|